000 00470nam a2200169Ia 4500
008 090711s9999 xx 000 0 und d
082 _b51749
100 _aबनहट्टी राजेंद्र
245 _aअवेळ
260 _c1985
300 _a155
600 _aबनहट्टी राजेंद्र
630 _aअवेळ
700 _aबनहट्टी राजेंद्र
730 _aअवेळ
942 _cBOOK
999 _c309788
_d309788